| 000 | 01117nam a22001937a 4500 | ||
|---|---|---|---|
| 005 | 20230621134151.0 | ||
| 008 | 230621b ||||| |||| 00| 0 eng d | ||
| 020 | _a9781609136802 | ||
| 050 | _aRT68.B68(8e) | ||
| 082 | _28th ed | ||
| 100 | _9Boyer, Mary Jo | ||
| 245 |
_aMath for nurses: _ba pocket guide to dosage calculation and drug preparation _cmary Jo Boyer |
||
| 250 | _a8th ed | ||
| 260 |
_aNew York: _bLippincott Williams and Wilkins _c2009 |
||
| 300 |
_axvi, 400pages : _bill.: col. _c18cm |
||
| 500 | _aIncludes bibliographical references and index | ||
| 505 | _aContent: basic mathematics review and refresher-- fractions-- decimals-- percents, ratio and proportion-- the metric, household and apothecary systems of measurement-- approximate equivalents and system conversions-- medication labels-- oral dosage calculations-- parenteral dosage calculations--intravenous therapy--intravenous therapies: critical care applications--insulin--heparin preparation and dosage calculations--pediatric dosage calculations and intravenous therapy--solutions and drug reconstitutions | ||
| 942 |
_2lcc _cBK _e8th ed |
||
| 999 |
_c9794 _d17294 |
||